000
00210 a2200097 4500
001
46824
100
_a
Middlebrook M
245
_a
The Nuremberg paid
260
_a
London
_b
Allen lane
_c
090
_c
29914
_d
29914
942
_a
NUST-CAE
_c
M
_c
22129
999
_c
281897
_d
281897